Mirroring Power: (Record no. 10408)
[ view plain ]
| 000 -LEADER | |
|---|---|
| fixed length control field | 00456cam a2200157 4500 |
| 001 - CONTROL NUMBER | |
| control field | 7032 |
| 005 - DATE AND TIME OF LATEST TRANSACTION | |
| control field | 20250620115016.0 |
| 008 - FIXED-LENGTH DATA ELEMENTS--GENERAL INFORMATION | |
| fixed length control field | 250620b |||||||| |||| 00| 0 eng d |
| 010 ## - LIBRARY OF CONGRESS CONTROL NUMBER | |
| LC control number | 2003059687 |
| 020 ## - INTERNATIONAL STANDARD BOOK NUMBER | |
| International Standard Book Number | 9786162151453 |
| 022 ## - INTERNATIONAL STANDARD SERIAL NUMBER | |
| International Standard Serial Number | 9786162151453 |
| 245 10 - TITLE STATEMENT | |
| Title | Mirroring Power: |
| Remainder of title | ethnogenesis and integration among the phunoy of Northern Laos. |
| 260 ## - PUBLICATION, DISTRIBUTION, ETC. | |
| Place of publication, distribution, etc. | Boston : |
| Name of publisher, distributor, etc. | Silkworms Books |
| Date of publication, distribution, etc. | 2018 |
| 300 ## - PHYSICAL DESCRIPTION | |
| Extent | x 277,p. : |
| Other physical details | ill. ; |
| Dimensions | 24 cm |
| 942 ## - ADDED ENTRY ELEMENTS (KOHA) | |
| Source of classification or shelving scheme | Dewey Decimal Classification |
| Koha item type | Main |
| Withdrawn status | Lost status | Source of classification or shelving scheme | Damaged status | Not for loan | Collection code | Home library | Current library | Shelving location | Date acquired | Inventory number | Total Checkouts | Full call number | Barcode | Date last seen | Price effective from | Koha item type | Public note |
|---|---|---|---|---|---|---|---|---|---|---|---|---|---|---|---|---|---|
| Dewey Decimal Classification | Main TEST | RTC Library | RTC Library | Main opac | 20/06/2025 | 19496 | 535.32 BOU | 30020714 | 20/06/2025 | 20/06/2025 | Main | Donated by Dr.Dolma |